Nejde o likvidáciu, ale o reštrukturalizáciu
Napriek tomu, že objem medzipodnikových dlhov na Slovensku každoročne vzrastá, počet bankrotov v minulom roku poklesol. Priebeh konkurzných konaní na Slovensku. Vyhlásené konkurzy v SR. Bankové dlhy podnikov. Vývoj bankrotov v roku 2000 oproti roku 1999.
Na minha lista:
| Autor principal: | |
|---|---|
| Formato: | Capítulo de Livro |
| Idioma: | eslovaco |
| Assuntos: | |
| Tags: |
Sem tags, seja o primeiro a adicionar uma tag!
|
MARC
| LEADER | 00000naa a2200000 4500 | ||
|---|---|---|---|
| 001 | r041904 | ||
| 005 | 20230920073341.2 | ||
| 041 | 0 | |a slo | |
| 044 | |a SK | ||
| 245 | 1 | 0 | |a Nejde o likvidáciu, ale o reštrukturalizáciu |c Alexander Sotník |
| 520 | |a Napriek tomu, že objem medzipodnikových dlhov na Slovensku každoročne vzrastá, počet bankrotov v minulom roku poklesol. Priebeh konkurzných konaní na Slovensku. Vyhlásené konkurzy v SR. Bankové dlhy podnikov. Vývoj bankrotov v roku 2000 oproti roku 1999. | ||
| 610 | 2 | 0 | |a bankrot |
| 610 | 2 | 0 | |a konkurzy |
| 610 | 2 | 0 | |a dlhy |
| 610 | 2 | 0 | |a podnik |
| 610 | 2 | 0 | |a veritelia |
| 610 | 2 | 0 | |a solventnosť |
| 610 | 2 | 0 | |a Slovensko |
| 610 | 2 | 0 | |a úpravy právne |
| 100 | 1 | |a Sotník, Alexander | |